00398nam a2200145Ia 4500008004100000020001500041041000800056082001600064100004600080245004000126250000600166260004400172300001300216650002300229210716s2003 xx 000 0 und d a0195658663 aeng a374.22 AHLI aAhluwalia, Isher Judge; Williamson, John. aSouth Asian experience with growth. a1 aNew YorkbOxford University Pressc2003 axiii,218 aGeneral Management